[Event "AsianNationCup2018"]
[Site "Hamedan"]
[Date "2018.07.30"]
[Round "3.7"]
[White "Kazhgaleyev, Murtas"]
[Black "Sasikiran, Krishnan"]
[Result "1/2-1/2"]
[BlackElo "2666"]
[WhiteElo "2575"]
[LiveChessVersion "1.4.8"]

1. d4 {[%clk 1:30:54]} Nf6 {[%clk 1:30:50]} 2. c4 {[%clk 1:31:19]} e6
{[%clk 1:31:09]} 3. Nc3 {[%clk 1:31:45]} Bb4 {[%clk 1:31:26]} 4. Nf3
{[%clk 1:32:10]} d5 {[%clk 1:31:30]} 5. Qb3 {[%clk 1:32:06]} c5 {[%clk 1:26:30]}
6. dxc5 {[%clk 1:31:43]} Na6 {[%clk 1:24:34]} 7. a3 {[%clk 1:29:03]} Bxc3+ 8.
Qxc3 {[%clk 1:27:17]} Nxc5 9. cxd5 Qxd5 {[%clk 1:12:49]} 10. Be3 {[%clk 1:25:45]}
b6 {[%clk 1:12:25]} 11. Rd1 {[%clk 1:22:05]} Qb7 12. g3 O-O {[%clk 1:04:13]} 13.
Bg2 {[%clk 0:59:36]} Nd5 {[%clk 0:59:23]} 14. Qc2 {[%clk 0:59:07]} Qe7
{[%clk 0:47:34]} 15. b4 {[%clk 0:55:23]} Nd7 {[%clk 0:42:00]} 16. Bg5
{[%clk 0:53:19]} f6 {[%clk 0:39:43]} 17. Bc1 {[%clk 0:49:04]} Ba6
{[%clk 0:29:55]} 18. Bb2 {[%clk 0:45:10]} Rac8 {[%clk 0:25:57]} 19. Qd2
{[%clk 0:44:31]} f5 {[%clk 0:20:56]} 20. Nd4 {[%clk 0:36:07]} N7f6
{[%clk 0:17:29]} 21. O-O {[%clk 0:35:48]} Rfd8 {[%clk 0:16:00]} 22. Rc1
{[%clk 0:32:15]} Bb7 {[%clk 0:14:44]} 23. Rxc8 {[%clk 0:31:11]} Rxc8
{[%clk 0:15:06]} 24. Rc1 {[%clk 0:31:00]} Qd7 {[%clk 0:13:36]} 25. Rxc8+
{[%clk 0:28:46]} Qxc8 {[%clk 0:13:35]} 26. Nb5 {[%clk 0:25:49]} Qd7
{[%clk 0:12:27]} 27. Bxf6 {[%clk 0:23:47]} Qxb5 {[%clk 0:12:50]} 28. Bb2
{[%clk 0:24:04]} Qd7 {[%clk 0:10:07]} 29. Qd4 {[%clk 0:22:55]} Qc7
{[%clk 0:09:33]} 30. Qe5 {[%clk 0:21:05]} Qxe5 {[%clk 0:08:51]} 31. Bxe5
{[%clk 0:20:56]} Bc6 {[%clk 0:09:13]} 32. h4 Kf7 {[%clk 0:08:23]} 33. e4
{[%clk 0:14:51]} Ne7 {[%clk 0:07:40]} 34. f3 {[%clk 0:14:36]} fxe4
{[%clk 0:07:13]} 35. fxe4 {[%clk 0:14:58]} Ng8 {[%clk 0:06:33]} 36. Bb8
{[%clk 0:13:53]} a6 {[%clk 0:06:43]} 37. Bc7 {[%clk 0:12:39]} b5 {[%clk 0:06:54]}
38. Kf2 {[%clk 0:12:32]} Nf6 {[%clk 0:04:48]} 39. Ke3 {[%clk 0:12:07]} Nd7
{[%clk 0:04:35]} 40. Kd4 {[%clk 0:10:18]} Bb7 {[%clk 0:04:35]} 41. Bf3
{[%clk 0:09:47]} g6 {[%clk 0:29:12]} 42. g4 {[%clk 0:37:38]} Bc6 {[%clk 0:27:47]}
43. g5 {[%clk 0:33:06]} Bb7 {[%clk 0:25:50]} 44. h5 {[%clk 0:32:09]} Bc6
{[%clk 0:25:31]} 45. Bd1 {[%clk 0:31:21]} Ke7 {[%clk 0:24:43]} 46. hxg6
{[%clk 0:28:39]} hxg6 {[%clk 0:25:08]} 47. Bc2 {[%clk 0:28:18]} Ke8
{[%clk 0:22:41]} 48. e5 {[%clk 0:26:43]} Kf7 {[%clk 0:23:09]} 49. Bd6
{[%clk 0:21:37]} Kg7 {[%clk 0:22:58]} 50. Be7 {[%clk 0:20:11]} Kf7
{[%clk 0:22:26]} 51. Bf6 {[%clk 0:20:19]} Bb7 {[%clk 0:22:06]} 52. a4
{[%clk 0:20:02]} Bc6 {[%clk 0:22:26]} 53. axb5 {[%clk 0:19:25]} Bxb5
{[%clk 0:22:51]} 54. Bd8 {[%clk 0:18:54]} Kg7 {[%clk 0:21:12]} 55. Bc7
{[%clk 0:16:40]} Kf7 {[%clk 0:18:21]} 56. Bd6 {[%clk 0:15:20]} Bf1
{[%clk 0:16:28]} 57. Be4 {[%clk 0:14:30]} Bb5 {[%clk 0:16:24]} 58. Bc7
{[%clk 0:14:40]} Kg7 {[%clk 0:15:07]} 59. Bc2 {[%clk 0:12:09]} 1/2-1/2

[Event "AsianNationCup2018"]
[Site "Hamedan"]
[Date "2018.07.30"]
[Round "3.8"]
[White "Ganguly, Surya Shekhar"]
[Black "Kostenko, Petr"]
[Result "1-0"]
[BlackElo "2444"]
[WhiteElo "2652"]
[LiveChessVersion "1.4.8"]

1. e4 {[%clk 1:30:50]} Nc6 {[%clk 1:30:34]} 2. Nf3 {[%clk 1:29:02]} d6
{[%clk 1:31:01]} 3. d4 {[%clk 1:26:08]} Nf6 {[%clk 1:31:22]} 4. c3 e5
{[%clk 1:25:17]} 5. Bb5 {[%clk 1:16:59]} Bd7 6. O-O {[%clk 1:16:46]} a6
{[%clk 1:19:58]} 7. Ba4 Nxe4 {[%clk 0:34:19]} 8. Re1 {[%clk 1:10:23]} f5
{[%clk 0:34:17]} 9. Nbd2 {[%clk 0:57:04]} Nxd2 {[%clk 0:31:42]} 10. Bxd2
{[%clk 0:55:53]} e4 {[%clk 0:30:13]} 11. Ng5 {[%clk 0:47:16]} Qf6
{[%clk 0:21:48]} 12. d5 {[%clk 0:38:38]} Ne5 {[%clk 0:15:40]} 13. Ne6
{[%clk 0:37:31]} Bxa4 {[%clk 0:09:10]} 14. Qxa4+ {[%clk 0:37:54]} Kf7
{[%clk 0:09:35]} 15. Bf4 {[%clk 0:27:31]} c6 {[%clk 0:07:47]} 16. Qb3
{[%clk 0:24:22]} cxd5 {[%clk 0:06:20]} 17. Nc7 {[%clk 0:23:11]} Rb8
{[%clk 0:06:33]} 18. Rad1 {[%clk 0:17:21]} g5 {[%clk 0:05:18]} 19. Rxd5
{[%clk 0:13:44]} Kg6 {[%clk 0:05:39]} 20. Bxe5 {[%clk 0:13:28]} dxe5
{[%clk 0:06:05]} 21. Rd7 {[%clk 0:13:08]} g4 {[%clk 0:03:00]} 22. Red1
{[%clk 0:11:44]} Kh6 {[%clk 0:02:05]} 23. Rf7 {[%clk 0:09:33]} Qg6
{[%clk 0:02:25]} 24. Rdd7 {[%clk 0:09:49]} e3 {[%clk 0:02:42]} 25. Qd5
{[%clk 0:08:26]} f4 {[%clk 0:03:07]} 26. Qd1 {[%clk 0:02:59]} exf2+
{[%clk 0:02:18]} 27. Kxf2 {[%clk 0:03:24]} Bc5+ {[%clk 0:02:04]} 28. Kf1
{[%clk 0:03:53]} g3 {[%clk 0:02:15]} 29. h4 {[%clk 0:02:44]} Rbg8
{[%clk 0:01:35]} 30. b4 {[%clk 0:02:02]} Bf8 {[%clk 0:01:38]} 31. Nd5
{[%clk 0:01:50]} Rg7 {[%clk 0:01:25]} 32. Rxg7 Bxg7 {[%clk 0:01:54]} 33. Ne7
{[%clk 0:01:50]} Qf7 {[%clk 0:01:50]} 34. Rd6+ {[%clk 0:02:13]} Bf6
{[%clk 0:02:19]} 35. Nf5+ {[%clk 0:02:32]} 1-0

[Event "AsianNationCup2018"]
[Site "Hamedan"]
[Date "2018.07.30"]
[Round "3.9"]
[White "Yakubboev, Nodirbek"]
[Black "Nguyen, Ngoc Truong Son"]
[Result "1/2-1/2"]
[BlackElo "2618"]
[WhiteElo "2512"]
[LiveChessVersion "1.4.8"]

1. c4 {[%clk 1:28:24]} c6 {[%clk 1:30:41]} 2. d4 {[%clk 1:28:09]} d5
{[%clk 1:31:00]} 3. Nf3 {[%clk 1:28:07]} Nf6 {[%clk 1:31:18]} 4. e3
{[%clk 1:28:12]} e6 {[%clk 1:31:32]} 5. b3 {[%clk 1:28:01]} c5 {[%clk 1:30:04]}
6. cxd5 {[%clk 1:28:07]} exd5 {[%clk 1:29:49]} 7. Bb2 {[%clk 1:25:09]} Nc6
{[%clk 1:29:35]} 8. Be2 {[%clk 1:22:29]} cxd4 {[%clk 1:29:26]} 9. Nxd4
{[%clk 1:22:40]} Bb4+ {[%clk 1:29:34]} 10. Bc3 {[%clk 1:22:24]} Qb6
{[%clk 1:27:59]} 11. O-O {[%clk 0:57:13]} Bxc3 {[%clk 1:27:33]} 12. Nxc3
{[%clk 0:57:41]} Nxd4 {[%clk 1:27:50]} 13. Qxd4 {[%clk 0:57:20]} Qxd4
{[%clk 1:27:52]} 14. exd4 {[%clk 0:57:48]} Be6 15. Rac1 {[%clk 0:55:45]} Ke7
{[%clk 1:24:52]} 16. f3 {[%clk 0:48:04]} Rhc8 {[%clk 1:24:10]} 17. Kf2
{[%clk 0:48:08]} Rc6 {[%clk 1:19:54]} 18. Bb5 {[%clk 0:42:46]} Rc7
{[%clk 1:19:49]} 19. Ne2 {[%clk 0:42:56]} Rac8 {[%clk 1:20:01]} 20. Rxc7+
{[%clk 0:43:08]} Rxc7 {[%clk 1:20:24]} 21. Rc1 {[%clk 0:43:34]} Rxc1 22. Nxc1
{[%clk 0:44:02]} g5 {[%clk 1:19:34]} 1/2-1/2

[Event "AsianNationCup2018"]
[Site "Hamedan"]
[Date "2018.07.30"]
[Round "3.10"]
[White "Tran, Tuan Minh"]
[Black "Khoroshev, Nikita"]
[Result "1-0"]
[BlackElo "2424"]
[WhiteElo "2520"]
[LiveChessVersion "1.4.8"]

1. d4 {[%clk 1:30:47]} Nf6 {[%clk 1:30:53]} 2. c4 {[%clk 1:30:55]} e6
{[%clk 1:31:16]} 3. Nf3 {[%clk 1:31:17]} Bb4+ {[%clk 1:27:07]} 4. Bd2
{[%clk 1:31:36]} Qe7 {[%clk 1:27:33]} 5. g3 {[%clk 1:31:58]} Nc6 {[%clk 1:28:00]}
6. Nc3 {[%clk 1:32:07]} d5 7. cxd5 {[%clk 1:21:07]} exd5 {[%clk 1:16:51]} 8. Bg2
{[%clk 1:21:34]} O-O {[%clk 1:14:40]} 9. O-O {[%clk 1:02:29]} Re8 10. e3 Bxc3
{[%clk 1:00:09]} 11. Bxc3 {[%clk 1:02:45]} Ne4 {[%clk 1:00:32]} 12. Qb3
{[%clk 1:01:58]} Qd6 {[%clk 0:58:54]} 13. Rfc1 {[%clk 0:59:30]} b6
{[%clk 0:45:18]} 14. Be1 {[%clk 0:56:27]} Bd7 {[%clk 0:45:25]} 15. Rc2
{[%clk 0:55:03]} a5 {[%clk 0:44:31]} 16. Rac1 {[%clk 0:53:47]} Ra7
{[%clk 0:44:44]} 17. Qa3 {[%clk 0:41:36]} Qe6 {[%clk 0:37:04]} 18. Nd2
{[%clk 0:37:25]} Nf6 {[%clk 0:37:27]} 19. Nf3 {[%clk 0:29:17]} Ne4
{[%clk 0:37:18]} 20. Bf1 {[%clk 0:29:05]} Rc8 {[%clk 0:31:55]} 21. Qb3
{[%clk 0:23:21]} f6 {[%clk 0:26:49]} 22. Bg2 {[%clk 0:08:09]} Ne7
{[%clk 0:22:16]} 23. Nd2 {[%clk 0:07:54]} Nd6 {[%clk 0:22:38]} 24. Nb1
{[%clk 0:07:49]} Qf7 {[%clk 0:22:03]} 25. a4 {[%clk 0:05:32]} Bf5
{[%clk 0:19:23]} 26. Re2 {[%clk 0:05:56]} Rb7 {[%clk 0:15:21]} 27. Nc3
{[%clk 0:05:28]} c6 {[%clk 0:15:50]} 28. f3 {[%clk 0:04:40]} Be6 {[%clk 0:11:58]}
29. Qd1 {[%clk 0:04:32]} h5 {[%clk 0:12:17]} 30. Bf2 {[%clk 0:04:34]} g5
{[%clk 0:12:17]} 31. b3 {[%clk 0:03:52]} g4 {[%clk 0:12:22]} 32. Re1
{[%clk 0:03:16]} Kg7 {[%clk 0:08:17]} 33. fxg4 {[%clk 0:01:42]} hxg4
{[%clk 0:07:55]} 34. e4 {[%clk 0:02:10]} dxe4 {[%clk 0:07:04]} 35. Nxe4
{[%clk 0:02:00]} Nxe4 {[%clk 0:05:38]} 36. Bxe4 {[%clk 0:01:28]} Rd7
{[%clk 0:04:34]} 37. Qe2 {[%clk 0:00:57]} Rd6 {[%clk 0:04:57]} 38. Be3
{[%clk 0:00:33]} Re8 {[%clk 0:02:09]} 39. Qf2 {[%clk 0:00:33]} Nd5
{[%clk 0:01:57]} 40. Bxd5 {[%clk 0:00:34]} Rxd5 {[%clk 0:00:33]} 41. Rxc6
{[%clk 0:00:47]} b5 {[%clk 0:00:31]} 42. Qf4 {[%clk 0:27:40]} bxa4
{[%clk 0:26:03]} 43. bxa4 {[%clk 0:25:42]} Qg6 {[%clk 0:21:44]} 44. Rc5
{[%clk 0:10:27]} Rh8 {[%clk 0:18:02]} 45. Qc7+ {[%clk 0:08:07]} Rd7
{[%clk 0:18:18]} 46. Qc6 {[%clk 0:06:19]} Qf7 {[%clk 0:15:26]} 47. Bg5
{[%clk 0:04:31]} Re7 {[%clk 0:10:54]} 48. Rf1 {[%clk 0:04:45]} Rc8
{[%clk 0:09:55]} 49. Qb6 {[%clk 0:02:22]} Rb7 {[%clk 0:09:43]} 50. Bxf6+
{[%clk 0:02:47]} Kh7 {[%clk 0:10:12]} 51. Qxa5 {[%clk 0:02:09]} Rxc5
{[%clk 0:10:39]} 52. Qxc5 {[%clk 0:02:29]} Bd5 {[%clk 0:11:08]} 53. Qc2+
{[%clk 0:01:48]} Qg6 {[%clk 0:11:37]} 54. Rf5 {[%clk 0:01:22]} Kh6
{[%clk 0:10:41]} 55. Bg5+ {[%clk 0:01:28]} Kh7 {[%clk 0:10:55]} 56. Bf6
{[%clk 0:01:56]} Kh6 {[%clk 0:11:24]} 57. Be5 {[%clk 0:01:14]} Rb2
{[%clk 0:03:52]} 58. Qc1+ {[%clk 0:01:32]} Kh7 {[%clk 0:04:19]} 59. Qc7+
{[%clk 0:01:54]} Kg8 {[%clk 0:04:30]} 60. Qd8+ {[%clk 0:02:19]} Kh7
{[%clk 0:04:57]} 61. Qh8# {[%clk 0:02:43]} 1-0

[Event "AsianNationCup2018"]
[Site "Hamedan"]
[Date "2018.07.30"]
[Round "3.11"]
[White "Sindarov, Javokhir"]
[Black "Nguyen, Duc Hoa"]
[Result "1/2-1/2"]
[BlackElo "2441"]
[WhiteElo "2474"]
[LiveChessVersion "1.4.8"]

1. e4 {[%clk 1:30:58]} c5 {[%clk 1:29:29]} 2. Nf3 {[%clk 1:31:22]} Nc6
{[%clk 1:28:00]} 3. d4 {[%clk 1:31:43]} cxd4 {[%clk 1:28:25]} 4. Nxd4
{[%clk 1:32:11]} Qb6 {[%clk 1:28:47]} 5. Nb3 {[%clk 1:29:36]} Nf6
{[%clk 1:29:12]} 6. Nc3 {[%clk 1:28:12]} e6 {[%clk 1:29:37]} 7. Be3
{[%clk 1:26:44]} Qc7 {[%clk 1:30:01]} 8. a3 {[%clk 1:25:20]} a6 {[%clk 1:30:27]}
9. Be2 {[%clk 1:25:18]} b5 {[%clk 1:29:45]} 10. O-O {[%clk 1:24:50]} Be7 11. f4
{[%clk 1:20:28]} d6 {[%clk 1:28:59]} 12. Qe1 {[%clk 1:20:52]} Bb7
{[%clk 1:28:33]} 13. Qg3 {[%clk 1:21:03]} O-O {[%clk 1:28:45]} 14. Kh1 b4
{[%clk 1:25:01]} 15. axb4 {[%clk 1:19:09]} Nxb4 {[%clk 1:25:27]} 16. Bd3
{[%clk 1:13:32]} a5 {[%clk 1:14:23]} 17. Bd4 a4 {[%clk 1:02:21]} 18. Nd2
{[%clk 1:05:32]} Nh5 {[%clk 0:52:12]} 19. Qg4 {[%clk 1:01:20]} Nf6
{[%clk 0:52:20]} 20. Qg3 {[%clk 0:58:33]} Nh5 {[%clk 0:52:44]} 21. Qg4
{[%clk 0:35:11]} Nf6 {[%clk 0:52:57]} 22. Qg3 1/2-1/2

[Event "AsianNationCup2018"]
[Site "Hamedan"]
[Date "2018.07.30"]
[Round "3.12"]
[White "Dao, Thien Hai"]
[Black "Abdisalimov, Abdimalik"]
[Result "1-0"]
[BlackElo "2331"]
[WhiteElo "2476"]
[LiveChessVersion "1.4.8"]

1. d4 {[%clk 1:30:50]} Nf6 {[%clk 1:30:00]} 2. c4 {[%clk 1:31:12]} e6
{[%clk 1:30:27]} 3. Nc3 {[%clk 1:30:05]} Bb4 {[%clk 1:30:51]} 4. Qc2
{[%clk 1:29:33]} O-O {[%clk 1:31:13]} 5. a3 {[%clk 1:29:58]} Bxc3+
{[%clk 1:31:34]} 6. Qxc3 {[%clk 1:30:24]} b6 {[%clk 1:31:59]} 7. Bg5
{[%clk 1:30:05]} Bb7 {[%clk 1:32:24]} 8. f3 {[%clk 1:28:36]} d5 {[%clk 1:25:11]}
9. e3 {[%clk 1:25:28]} Nbd7 10. cxd5 exd5 11. Bd3 Re8 {[%clk 1:25:18]} 12. Ne2
{[%clk 1:26:15]} h6 {[%clk 1:25:18]} 13. Bh4 c5 {[%clk 1:17:30]} 14. O-O
{[%clk 1:26:01]} Qc8 15. Rfe1 Ba6 {[%clk 0:58:37]} 16. Bf5 {[%clk 1:14:15]} Qc6
{[%clk 0:58:55]} 17. Rac1 {[%clk 1:14:05]} Qd6 {[%clk 0:56:48]} 18. Qd2
{[%clk 1:13:10]} cxd4 {[%clk 0:53:25]} 19. Nxd4 {[%clk 1:12:38]} Ne5
{[%clk 0:53:40]} 20. b3 {[%clk 1:07:17]} g6 {[%clk 0:44:03]} 21. Bb1
{[%clk 1:06:48]} Rac8 {[%clk 0:44:18]} 22. a4 {[%clk 1:03:31]} Nfd7
{[%clk 0:40:30]} 23. Bg3 {[%clk 0:59:09]} Nc5 {[%clk 0:39:15]} 24. Rc3
{[%clk 0:47:59]} Qf6 {[%clk 0:33:40]} 25. Rec1 {[%clk 0:47:56]} Rcd8
{[%clk 0:33:15]} 26. Bxe5 {[%clk 0:44:46]} Rxe5 {[%clk 0:31:49]} 27. b4
{[%clk 0:44:53]} Ne6 {[%clk 0:26:01]} 28. b5 {[%clk 0:43:25]} Bb7
{[%clk 0:25:35]} 29. f4 {[%clk 0:43:31]} Rxe3 {[%clk 0:21:37]} 30. Rxe3
{[%clk 0:42:35]} Nxd4 {[%clk 0:21:56]} 31. Rc7 {[%clk 0:42:02]} Bc8
{[%clk 0:17:39]} 32. Rxa7 {[%clk 0:42:19]} Qxf4 {[%clk 0:17:24]} 33. Qf2
{[%clk 0:40:01]} Ne6 {[%clk 0:14:54]} 34. Qxf4 {[%clk 0:40:14]} Nxf4
{[%clk 0:15:16]} 35. Ra8 {[%clk 0:39:54]} d4 {[%clk 0:15:34]} 36. Rf3
{[%clk 0:39:52]} Ne2+ {[%clk 0:15:12]} 37. Kf2 {[%clk 0:40:06]} Nc3
{[%clk 0:15:22]} 38. Bd3 {[%clk 0:40:30]} Kg7 {[%clk 0:15:28]} 39. Bc4
{[%clk 0:33:50]} f5 {[%clk 0:15:57]} 40. Be6 {[%clk 0:29:16]} Bxe6
{[%clk 0:01:32]} 41. Rxd8 {[%clk 0:29:33]} Nxa4 {[%clk 0:01:38]} 42. Rxd4
{[%clk 0:29:45]} Nc5 {[%clk 0:02:00]} 43. Re3 {[%clk 0:29:53]} Kf7
{[%clk 0:02:20]} 44. Rd6 {[%clk 0:30:03]} 1-0

[Event "AsianNationCup2018"]
[Site "Hamedan"]
[Date "2018.07.30"]
[Round "3.13"]
[White "Ghaem Maghami, Ehsan"]
[Black "Mohammed, Zozek Salah Mohammed"]
[Result "1-0"]
[BlackElo "2261"]
[WhiteElo "2537"]
[LiveChessVersion "1.4.8"]

1. c4 {[%clk 1:27:28]} e6 {[%clk 1:30:41]} 2. Nf3 {[%clk 1:25:33]} d5
{[%clk 1:30:36]} 3. d4 {[%clk 1:23:02]} Nf6 {[%clk 1:30:39]} 4. g3 b6
{[%clk 1:25:07]} 5. Bg2 {[%clk 1:20:53]} Bb7 6. cxd5 exd5 {[%clk 1:25:24]} 7. O-O
{[%clk 1:21:13]} Bd6 {[%clk 1:24:02]} 8. Nc3 a6 9. Qb3 {[%clk 1:07:42]} Nbd7 10.
Nh4 O-O {[%clk 0:56:38]} 11. Nf5 {[%clk 0:59:28]} Re8 {[%clk 0:55:26]} 12. Nxd5
{[%clk 0:53:11]} Nxd5 {[%clk 0:55:09]} 13. Bxd5 {[%clk 0:53:35]} Bxd5
{[%clk 0:55:08]} 14. Qxd5 {[%clk 0:54:00]} Nf6 {[%clk 0:43:24]} 15. Qc4
{[%clk 0:48:10]} Qd7 {[%clk 0:42:23]} 16. Qd3 {[%clk 0:45:59]} Ne4
{[%clk 0:41:04]} 17. Nxd6 {[%clk 0:45:38]} Nxd6 {[%clk 0:41:12]} 18. Bf4
{[%clk 0:45:35]} Nf5 {[%clk 0:38:01]} 19. Rad1 {[%clk 0:36:44]} Rad8
{[%clk 0:27:34]} 20. d5 {[%clk 0:34:00]} b5 {[%clk 0:26:25]} 21. e4
{[%clk 0:27:11]} Nd6 {[%clk 0:26:39]} 22. Rfe1 {[%clk 0:26:42]} Nc4
{[%clk 0:24:45]} 23. Qc3 {[%clk 0:26:04]} f6 {[%clk 0:24:54]} 24. Rc1
{[%clk 0:21:29]} Re7 {[%clk 0:23:58]} 25. b3 {[%clk 0:18:55]} Nd6
{[%clk 0:24:01]} 26. f3 {[%clk 0:19:00]} Qh3 {[%clk 0:23:21]} 27. Qa5
{[%clk 0:16:27]} Qc8 {[%clk 0:21:22]} 28. Qb4 {[%clk 0:13:06]} Qa8
{[%clk 0:18:57]} 29. Rc6 {[%clk 0:12:44]} a5 {[%clk 0:19:18]} 30. Qc5
{[%clk 0:12:50]} Qb8 {[%clk 0:19:19]} 31. Rc1 {[%clk 0:12:56]} g5
{[%clk 0:18:56]} 32. Bxd6 {[%clk 0:12:11]} cxd6 {[%clk 0:19:15]} 33. Qd4
{[%clk 0:09:56]} Kf7 {[%clk 0:19:17]} 34. Kg2 {[%clk 0:06:47]} h5
{[%clk 0:16:36]} 35. h3 {[%clk 0:06:31]} g4 {[%clk 0:15:33]} 36. hxg4
{[%clk 0:06:36]} hxg4 {[%clk 0:16:01]} 37. fxg4 {[%clk 0:06:55]} Rg8
{[%clk 0:15:11]} 38. Rf1 {[%clk 0:07:01]} Re5 {[%clk 0:15:22]} 39. Rf4
{[%clk 0:06:33]} Rc8 {[%clk 0:10:00]} 40. g5 {[%clk 0:06:37]} Rxc6
{[%clk 0:10:04]} 41. dxc6 {[%clk 0:06:50]} Qe8 {[%clk 0:10:05]} 42. Qxd6
{[%clk 0:06:10]} 1-0

[Event "AsianNationCup2018"]
[Site "Hamedan"]
[Date "2018.07.30"]
[Round "3.14"]
[White "Al-Ali, Hussein Ali Hussein"]
[Black "Lorparizangeneh, Shahin"]
[Result "0-1"]
[BlackElo "2493"]
[WhiteElo "2267"]
[LiveChessVersion "1.4.8"]

1. e4 {[%clk 1:30:49]} c5 {[%clk 1:28:47]} 2. Nf3 {[%clk 1:31:13]} d6
{[%clk 1:29:12]} 3. c3 {[%clk 1:30:38]} Nf6 {[%clk 1:29:23]} 4. Be2
{[%clk 1:31:02]} g6 {[%clk 1:29:24]} 5. O-O {[%clk 1:31:23]} Bg7 {[%clk 1:29:50]}
6. d3 {[%clk 1:29:48]} O-O {[%clk 1:30:07]} 7. Nbd2 {[%clk 1:29:58]} Nc6
{[%clk 1:29:47]} 8. Re1 {[%clk 1:29:38]} e5 {[%clk 1:28:01]} 9. Nc4
{[%clk 1:27:56]} Be6 10. Bg5 h6 {[%clk 1:21:44]} 11. Bxf6 {[%clk 1:26:51]} Bxf6
{[%clk 1:22:04]} 12. Ne3 {[%clk 1:24:40]} Bg7 {[%clk 1:17:15]} 13. h3
{[%clk 1:00:50]} b5 14. Qd2 Rb8 {[%clk 1:08:44]} 15. Bd1 {[%clk 1:00:29]} b4
{[%clk 1:03:42]} 16. Ba4 {[%clk 1:00:37]} Na5 {[%clk 1:02:57]} 17. c4
{[%clk 0:54:46]} f5 {[%clk 1:01:26]} 18. Qe2 {[%clk 0:51:14]} Qf6
{[%clk 0:51:36]} 19. Nd5 {[%clk 0:50:21]} Qf7 {[%clk 0:51:52]} 20. Nd2
{[%clk 0:47:34]} fxe4 {[%clk 0:46:09]} 21. dxe4 {[%clk 0:47:32]} h5
{[%clk 0:46:18]} 22. Rf1 {[%clk 0:44:00]} Bh6 {[%clk 0:32:49]} 23. Nb3
{[%clk 0:43:47]} Nb7 {[%clk 0:32:50]} 24. Rad1 {[%clk 0:43:44]} Kh8
{[%clk 0:29:08]} 25. Rd3 {[%clk 0:43:15]} Qg7 {[%clk 0:28:00]} 26. Nd2
{[%clk 0:41:52]} Nd8 {[%clk 0:24:19]} 27. Rd1 {[%clk 0:41:44]} Bg8
{[%clk 0:19:33]} 28. Rg3 {[%clk 0:36:48]} Ne6 {[%clk 0:17:38]} 29. Nf1
{[%clk 0:30:29]} Nd4 {[%clk 0:16:59]} 30. Qe1 {[%clk 0:28:53]} Rb7
{[%clk 0:15:25]} 31. Nd2 {[%clk 0:24:48]} Rbf7 {[%clk 0:09:12]} 32. Nb3
{[%clk 0:24:42]} Rxf2 {[%clk 0:06:17]} 33. Nxd4 {[%clk 0:17:20]} exd4
{[%clk 0:06:41]} 34. Qxf2 {[%clk 0:17:25]} Rxf2 {[%clk 0:07:05]} 35. Kxf2
{[%clk 0:17:48]} Bxd5 {[%clk 0:07:08]} 36. exd5 {[%clk 0:17:45]} Be3+
{[%clk 0:06:09]} 37. Kf1 {[%clk 0:16:52]} Qe5 {[%clk 0:05:06]} 38. Rf3
{[%clk 0:16:23]} Qh2 {[%clk 0:05:31]} 39. Rf8+ {[%clk 0:15:13]} Kg7
{[%clk 0:05:57]} 40. Ra8 {[%clk 0:15:04]} d3 {[%clk 0:05:05]} 0-1

[Event "AsianNationCup2018"]
[Site "Hamedan"]
[Date "2018.07.30"]
[Round "3.15"]
[White "Pourramezanali, Amirreza"]
[Black "Abdulwahhab, Ahmed Abdulsattar A"]
[Result "1-0"]
[BlackElo "2290"]
[WhiteElo "2537"]
[LiveChessVersion "1.4.8"]

1. e4 {[%clk 1:29:19]} c5 {[%clk 1:30:46]} 2. Nf3 {[%clk 1:29:40]} e6
{[%clk 1:31:03]} 3. c3 {[%clk 1:30:04]} d5 {[%clk 1:31:12]} 4. exd5
{[%clk 1:30:28]} Qxd5 {[%clk 1:31:35]} 5. d4 {[%clk 1:30:53]} Nf6
{[%clk 1:31:51]} 6. Be3 {[%clk 1:31:17]} cxd4 {[%clk 1:31:37]} 7. cxd4
{[%clk 1:31:43]} Nc6 {[%clk 1:31:24]} 8. Nc3 {[%clk 1:32:07]} Qd6
{[%clk 1:30:40]} 9. a3 {[%clk 1:32:32]} Be7 {[%clk 1:30:42]} 10. Bd3
{[%clk 1:32:57]} O-O {[%clk 1:29:07]} 11. O-O {[%clk 1:33:46]} b6
{[%clk 1:22:28]} 12. Qe2 {[%clk 1:33:46]} Bb7 {[%clk 1:22:28]} 13. Rad1
{[%clk 1:34:10]} Rad8 {[%clk 1:19:21]} 14. Rfe1 {[%clk 1:34:09]} Rfe8
{[%clk 1:19:21]} 15. Bb1 {[%clk 1:33:48]} h6 {[%clk 1:17:15]} 16. Qc2
{[%clk 1:31:05]} Na5 {[%clk 1:08:40]} 17. Ne5 {[%clk 1:28:53]} Rc8
{[%clk 1:05:01]} 18. Bxh6 {[%clk 1:07:49]} Rxc3 {[%clk 0:49:42]} 19. Qxc3
{[%clk 0:58:32]} gxh6 {[%clk 0:44:03]} 20. Qg3+ {[%clk 0:59:00]} Kf8
{[%clk 0:44:24]} 21. Qf4 {[%clk 0:59:25]} Kg7 {[%clk 0:40:24]} 22. Qg3+
{[%clk 0:56:39]} Kf8 {[%clk 0:40:41]} 23. Bg6 {[%clk 0:54:37]} Rd8
{[%clk 0:24:15]} 24. Bxf7 {[%clk 0:51:56]} Bd5 {[%clk 0:23:52]} 25. Qg6
{[%clk 0:52:03]} 1-0

[Event "AsianNationCup2018"]
[Site "Hamedan"]
[Date "2018.07.30"]
[Round "3.16"]
[White "Taleb, Salem Hatam"]
[Black "Mousavi, Seyed Khalil"]
[Result "0-1"]
[BlackElo "2447"]
[WhiteElo "2071"]
[LiveChessVersion "1.4.8"]

1. c4 {[%clk 1:30:54]} c5 {[%clk 1:29:58]} 2. Nc3 {[%clk 1:30:41]} Nc6
{[%clk 1:30:13]} 3. g3 {[%clk 1:30:46]} g6 {[%clk 1:30:24]} 4. Bg2
{[%clk 1:30:39]} Bg7 {[%clk 1:30:37]} 5. d3 {[%clk 1:29:17]} e6 {[%clk 1:30:54]}
6. e4 {[%clk 1:26:39]} Nge7 {[%clk 1:30:55]} 7. Nge2 {[%clk 1:26:42]} O-O
{[%clk 1:29:20]} 8. O-O {[%clk 1:26:12]} d6 {[%clk 1:27:54]} 9. Rb1 Nd4
{[%clk 1:08:52]} 10. Bd2 {[%clk 1:21:25]} Nec6 11. a3 {[%clk 1:21:42]} b6
{[%clk 1:07:03]} 12. b4 {[%clk 1:20:02]} Bb7 13. Nf4 {[%clk 1:12:53]} Qd7
{[%clk 1:03:59]} 14. h4 Ne5 {[%clk 0:59:42]} 15. Be3 {[%clk 1:03:07]} h6
{[%clk 0:58:28]} 16. Bxd4 {[%clk 0:58:58]} cxd4 {[%clk 0:58:35]} 17. Nb5
{[%clk 0:52:17]} Nc6 {[%clk 0:58:23]} 18. a4 {[%clk 0:52:35]} a5 {[%clk 0:53:29]}
19. bxa5 {[%clk 0:52:27]} Rxa5 {[%clk 0:53:44]} 20. Bh3 {[%clk 0:49:02]} Rfa8
{[%clk 0:50:31]} 21. Nd5 {[%clk 0:48:50]} Qd8 {[%clk 0:50:14]} 22. Nxb6
{[%clk 0:49:05]} Qxb6 {[%clk 0:50:22]} 23. Nxd6 {[%clk 0:49:29]} Nb4
{[%clk 0:50:40]} 24. Nxb7 {[%clk 0:48:42]} Qxb7 {[%clk 0:50:32]} 25. Qb3
{[%clk 0:48:12]} Rxa4 {[%clk 0:49:20]} 26. Bg2 {[%clk 0:48:31]} Qe7
{[%clk 0:47:34]} 27. e5 {[%clk 0:47:29]} R8a5 {[%clk 0:47:34]} 28. Rfc1
{[%clk 0:47:07]} Qc5 {[%clk 0:47:12]} 29. h5 {[%clk 0:43:43]} gxh5
{[%clk 0:43:46]} 30. Be4 {[%clk 0:43:44]} Bxe5 {[%clk 0:42:11]} 31. Kg2
{[%clk 0:42:40]} Bd6 {[%clk 0:41:43]} 32. Qd1 {[%clk 0:42:58]} Ra2
{[%clk 0:38:57]} 33. Qf3 {[%clk 0:43:02]} Kg7 {[%clk 0:38:01]} 34. Rh1
{[%clk 0:43:22]} Rd2 {[%clk 0:36:18]} 35. Rh4 {[%clk 0:35:32]} Qg5
{[%clk 0:33:44]} 36. c5 {[%clk 0:35:30]} Qxc5 {[%clk 0:33:22]} 37. g4
{[%clk 0:32:32]} Raa2 {[%clk 0:33:23]} 38. Rf1 {[%clk 0:32:34]} Qg5
{[%clk 0:32:38]} 39. Rxh5 {[%clk 0:32:01]} Qe3 {[%clk 0:32:26]} 40. g5
{[%clk 0:31:09]} Qxf3+ {[%clk 0:32:37]} 41. Kxf3 {[%clk 0:31:20]} hxg5
{[%clk 0:32:41]} 0-1